书目信息 |
| 题名: |
柴胡汤类方及其应用
|
|
| 作者: | 柳少逸 编著 | |
| 分册: | ||
| 出版信息: | 北京 中国中医药出版社 2020.12 |
|
| 页数: | 183页 | |
| 开本: | 21cm | |
| 丛书名: | ||
| 单 册: | ||
| 中图分类: | R286 | |
| 科图分类: | ||
| 主题词: | 大柴胡汤--验方 , 小柴胡汤--验方 , 大柴胡汤 , 验方 , 小柴胡汤 | |
| 电子资源: | ||
| ISBN: | 978-7-5132-1976-1 | |
| 000 | 01082nam0 2200277 45 | |
| 001 | 012001002080 | |
| 005 | 20140913102312.0 | |
| 010 | @a978-7-5132-1976-1@dCNY35.00 | |
| 100 | @a20141103d2014 em y0chiy50 ea | |
| 101 | 0 | @achi |
| 102 | @aCN@b110000 | |
| 105 | @ay z 000yy | |
| 106 | @ar | |
| 200 | 1 | @a柴胡汤类方及其应用@Achai hu tang lei fang ji qi ying yong@b专著@f柳少逸编著 |
| 210 | @a北京@c中国中医药出版社@d2020.12 | |
| 215 | @a183页@d21cm | |
| 330 | @a本书系统地介绍了柴胡汤及其类方的组成、功效与临床应用。全书共分两大部分。第一部分少阳百病此为宗,介绍了枢机之剂小柴胡汤的立方原理、主症、方药组成、方剂释义、随证加减等内容,并通过18个临床案例对小柴胡汤在不同系统疾病中的应用进行了分析阐释,颇具临床指导价值。第二部分枢机之剂的发展与变通,介绍了《伤寒杂病论》及后世医籍中的柴胡剂,共计107方。 | |
| 606 | 0 | @a大柴胡汤@x验方 |
| 606 | 0 | @a小柴胡汤@x验方 |
| 606 | 0 | @a大柴胡汤 |
| 606 | 0 | @a验方 |
| 606 | 0 | @a小柴胡汤 |
| 690 | @aR286@v5 | |
| 701 | 0 | @a柳少逸@Aliu shao yi@f(1943.3 )@4编著 |
| 801 | 0 | @aCN@bBJSDL@c20211011 |
| 905 | @b1338361-4@dR286@e585@f4 | |
| 柴胡汤类方及其应用/柳少逸编著.-北京:中国中医药出版社,2020.12 |
| 183页;21cm |
| ISBN 978-7-5132-1976-1:CNY35.00 |
| 本书系统地介绍了柴胡汤及其类方的组成、功效与临床应用。全书共分两大部分。第一部分少阳百病此为宗,介绍了枢机之剂小柴胡汤的立方原理、主症、方药组成、方剂释义、随证加减等内容,并通过18个临床案例对小柴胡汤在不同系统疾病中的应用进行了分析阐释,颇具临床指导价值。第二部分枢机之剂的发展与变通,介绍了《伤寒杂病论》及后世医籍中的柴胡剂,共计107方。 |
| ● |
| 相关链接 |
|
|
|
|
正题名:柴胡汤类方及其应用
索取号:R286/585
 
预约/预借
| 序号 | 登录号 | 条形码 | 馆藏地/架位号 | 状态 | 备注 |
| 1 | 1338361 | 213383612 | 第二样本阅览室/ [索取号:R286/585] | 在馆 | |
| 2 | 1338362 | 213383621 | 第三借阅区/ [索取号:R286/585] | 在馆 | |
| 3 | 1338363 | 213383630 | 第三借阅区/ [索取号:R286/585] | 在馆 | |
| 4 | 1338364 | 213383649 | 第三借阅区/ [索取号:R286/585] | 在馆 |